Citrus processing: quality control and technology
Guardat en:
| Autor principal: | |
|---|---|
| Format: | Llibre |
| Idioma: | anglès |
| Publicat: |
Nueva York
Chapman & Hall
1991
|
| Matèries: | |
| Etiquetes: |
Afegir etiqueta
Sense etiquetes, Sigues el primer a etiquetar aquest registre!
|
MARC
| LEADER | 00000nam a2200000 a 4500 | ||
|---|---|---|---|
| 001 | UCQ1543 | ||
| 003 | CL-VaPUC | ||
| 008 | 980710e19910000US |||||||||||||||||eng|d | ||
| 082 | 0 | 4 | |a 663.63 |b KIM |2 21 |
| 100 | 0 | |a Kimball, Dan A |e author |9 415275 | |
| 245 | 1 | 0 | |a Citrus processing: quality control and technology |
| 300 | |a 473 p | ||
| 942 | |c BK | ||
| 945 | |d 19980710 00:00:00 |a mvenant | ||
| 260 | |a Nueva York |b Chapman & Hall |c 1991 | ||
| 650 | 7 | |a JUGOS DE FRUTAS |2 CL-VaPUC |9 259825 | |
| 650 | 0 | |a Cítricos |9 393380 | |
| 650 | 0 | |a Producción |9 263680 | |
| 650 | 0 | |a Control de calidad |9 259714 | |
| 583 | |a last modification |c 19980710 00:00:00 |k Rodrigo Vera | ||
| 999 | |c 272470 |d 272468 | ||
| 952 | |0 0 |1 0 |4 0 |6 663_630000000000000_KIM_1991 |7 0 |8 A |9 307493 |a BIBAGR |b BIBAGR |d 2019-11-20 |i 3444511 |o 663.63 KIM 1991 |p 3444511 |r 2025-01-20 |w 2019-11-20 |y BK |k AGR | ||